000 00307nam a22001337a 4500
008 170927b xxu||||| |||| 00| 0 eng d
020 _a0070363064
041 _aeng
080 _23RD
_a37
100 _a46
101 _aEDU
245 _aSENTENCE SKILLS A WORKBOOK FOR WRITERS
_cLANGAN,J
942 _2udc
_cBK
999 _c30127
_d30127